000 00953nam a22003017a 4500
003 CHAP
005 20220329133746.0
008 971013s1965 r 00010 d
010 _a10465
011 _a11437
035 _a10675
040 _cCHAP
082 _a581.5
_bE24
100 0 0 _aEckardt, F. E.
_eed.
_935099
245 _aMethodology of plant ecophysiology; proceedings of the Montpellier sysposium
260 _aParis :
_bUNESCO,
_c1965
300 _a531 p.
_b: ilus. ; láms.
490 _aArid zone research
_v; 25
590 _aBATCH-UPD
_b10
_c20130110
_lUCH01
_h2000
590 _aBATCH-UPD
_b10
_c20130410
_lUCH01
_h1320
590 _aBATCH-UPD
_b10
_c20130914
_lUCH01
_h1250
590 _aCONVERSION
_b10
_c20130109
_lUCH01
_h1307
650 1 4 _aEcología vegetal.
_935188
830 0 _aArid zone research
_v; 25
_97091
901 _aBK
942 _cLIBRO
949 _a581.5 E24
_bBC
_cLIBRO
_d33724000542155
_eLIBRO
_h29771
_i10675
_si
_t278.75
999 _c10465
_d10465